| 000 | 00581nam a2200181 a 4500 | ||
|---|---|---|---|
| 001 | 2538 | ||
| 003 | CDMR | ||
| 005 | 20131129100146.0 | ||
| 008 | 130130s1975||||||||||||||||||||||||||||d | ||
| 020 | _a9232011832 | ||
| 040 |
_aCDMR _bcat _cCDMR |
||
| 245 | 1 | 4 |
_aLes politiques de la communication en Suède _cÉcole suédoise de journalisme ; rédigée par Lars Furhoff, Lennart Jönsson, Lennart Nilsson |
| 260 |
_aParis _c1975 _bLes Presses de l'Unesco |
||
| 300 | _a80 p. | ||
| 650 | 0 | 4 |
_94408 _aEuropa _xPolítica de la comunicació |
| 700 | 1 |
_91905 _aFurhoff, Lars |
|
| 942 |
_cMON _2udc |
||
| 999 |
_c2538 _d2538 |
||